|
|
|
|
| LEADER |
01002nam a22002417a 4500 |
| 001 |
AAL4455 |
| 003 |
BD-DhAAL |
| 005 |
20160321144015.0 |
| 008 |
160321s 1995bg a|||| b||| 00| 0 ben d |
| 020 |
|
|
|a 9840732552
|
| 040 |
|
|
|a BD-DhAAL
|c BD-DhAAL
|
| 082 |
|
|
|a 674
|
| 100 |
|
|
|a লাহিড়ী, অরণ কুমার
|9 18699
|
| 245 |
|
|
|a কাঠ সংরক্ষন বিজ্ঞান
|c অরণ কুমার লাহিড়ী
|n দ্বিতীয় খন্ড
|
| 260 |
|
|
|a ঢাকা :
|b বাংলা একাডেমী,
|c ১৯৯৫
|
| 300 |
|
|
|a ২১১ পৃ. :
|b চিত্র ;
|c ২২ সে.মি.
|
| 504 |
|
|
|6 Includes bibliography
|
| 541 |
|
|
|e 4455
|
| 650 |
|
|
|a কাঠ সংরক্ষণ
|9 18700
|
| 852 |
|
|
|a Savar Campus Library
|c General Shelf
|
| 942 |
|
|
|2 ddc
|c BK
|
| 999 |
|
|
|c 37186
|d 37186
|
| 952 |
|
|
|0 0
|1 0
|2 ddc
|4 0
|6 674_000000000000000_LAH
|7 0
|9 58463
|a SCL
|b SCL
|c GEN
|d 2016-03-21
|g 60.00
|l 0
|o 674 LAH
|p 3020004455
|r 2016-03-21
|t 1
|w 2016-03-21
|y BK
|